000 00238nam a2200097Ia 4500
008 170619s9999 xx 000 0 und d
100 _aChauhan- D S
245 0 _aHuman anatomy ( Head- neck & brain)
260 _bNew Delhi: C B S
260 _c2006
546 _aENGLISH
999 _c18199
_d18199